[Event "Barcelona Paredes Memorial 19th"]
[Site "Barcelona"]
[Date "2017.05.20"]
[Round "5"]
[White "Beaskoa Estany, Gabriel"]
[Black "Marzo Pie, Xavier"]
[Result "0-1"]
[WhiteElo "2102"]
[BlackElo "1978"]
[PlyCount "112"]
[EventDate "2017.04.22"]
[EventType "swiss"]
[EventRounds "9"]
[EventCountry "ESP"]
[SourceTitle "EXT 2018"]
[Source "ChessBase"]
[SourceDate "2017.10.13"]
[SourceVersion "1"]
[SourceVersionDate "2017.10.13"]
[SourceQuality "1"]

1. d4 d6 2. Nf3 g6 3. e4 Bg7 4. Be2 Nf6 5. Nc3 0-0 6. 0-0 Bg4 7. Be3 Nc6 8. h3 Bxf3 9. Bxf3 e5 10. d5 Ne7 11. Ne2 Nd7 12. c4 f5 13. g3 Nc5 14. Nc3 Qd7 15. Bxc5 dxc5 16. Qd2 b6 17. Bd1 a6 18. g4 Kh8 19. Rb1 b5 20. b3 Rab8 21. Qe3 bxc4 22. bxc4 Rxb1 23. Nxb1 fxe4 24. Nc3 c6 25. Qxc5 cxd5 26. Ba4 Rc8 27. Qa3 Qd8 28. cxd5 Nxd5 29. Rd1 Qe7 30. Qxe7 Nxe7 31. Nxe4 h6 32. Nd6 Rc3 33. Kg2 Nc6 34. Bb3 Nd4 35. Bd5 Ne2 36. Kf1 Nf4 37. Be4 Rxh3 38. Ke1 Ra3 39. Rd2 Bf8 40. Bb1 Kg8 41. Kd1 Rc3 42. Ne4 Rc4 43. f3 Bb4 44. Rd8+ Kf7 45. Nd6+ Bxd6 46. Rxd6 Rd4+ 47. Rxd4 exd4 48. Kd2 Kf6 49. Bc2 Ke5 50. Be4 h5 51. gxh5 gxh5 52. Ke1 h4 53. Kf2 Kd6 54. Bb7 a5 55. Ba6 Kc5 56. Bf1 Kb4 0-1

[Event "Barcelona Tres Peons op 19th"]
[Site "Barcelona"]
[Date "2017.02.22"]
[Round "7"]
[White "Costa Trave, Jaume"]
[Black "Beaskoa Estany, Gabriel"]
[Result "1-0"]
[WhiteElo "1826"]
[BlackElo "2114"]
[PlyCount "105"]
[EventDate "2017.01.11"]
[EventType "swiss"]
[EventRounds "9"]
[EventCountry "ESP"]
[SourceTitle "EXT 2018"]
[Source "ChessBase"]
[SourceDate "2017.10.13"]
[SourceVersion "1"]
[SourceVersionDate "2017.10.13"]
[SourceQuality "1"]

1. d4 d5 2. Nc3 Nf6 3. Bf4 a6 4. e3 e6 5. a3 Nbd7 6. Nh3 c5 7. Bd3 Be7 8. 0-0 b5 9. b4 cxb4 10. axb4 Bb7 11. Na2 0-0 12. Rb1 Rc8 13. f3 Nb6 14. Qe2 Nc4 15. Rfd1 Qb6 16. c3 Nd7 17. e4 dxe4 18. fxe4 e5 19. Bg3 exd4 20. cxd4 Nde5 21. Bf2 Nxd3 22. Rxd3 Qg6 23. Re1 Bd6 24. Bh4 Rfe8 25. e5 Bxe5 26. dxe5 Rxe5 27. Qf1 Rxe1 28. Bxe1 Bxg2 29. Nf4 Bxf1+ 30. Nxg6 Bxd3 31. Ne7+ Kf8 32. Nxc8 Ke8 33. Bf2 Be4 34. Nc3 Bc6 35. Nb6 Ne5 36. Bg3 Nd3 37. Bd6 f5 38. Kf1 Bf3 39. Nbd5 Kd7 40. Nf4 Be4 41. Nxe4 fxe4 42. Nxd3 exd3 43. Bf8 Kc6 44. Bxg7 Kd5 45. Ke1 Kc4 46. Bf8 Kc3 47. Kd1 h5 48. h4 Kd4 49. Kd2 Kc4 50. Be7 Kd4 51. Bf6+ Kc4 52. Bc3 Kd5 53. Kxd3 1-0

[Event "Barcelona Puig Memorial op 2nd"]
[Site "Barcelona"]
[Date "2016.11.02"]
[Round "5"]
[White "Capellades Subirana, Marc"]
[Black "Beaskoa Estany, Gabriel"]
[Result "1/2-1/2"]
[WhiteElo "2225"]
[BlackElo "2001"]
[PlyCount "125"]
[EventDate "2016.09.28"]
[EventType "swiss"]
[EventRounds "9"]
[EventCountry "ESP"]
[SourceTitle "EXT 2018"]
[Source "ChessBase"]
[SourceDate "2017.10.13"]
[SourceVersion "1"]
[SourceVersionDate "2017.10.13"]
[SourceQuality "1"]

1. e4 c5 2. Nf3 d6 3. d4 cxd4 4. Nxd4 Nf6 5. Nc3 a6 6. a4 e5 7. Nde2 Be7 8. Ng3 Be6 9. Bg5 Nbd7 10. Be2 h6 11. Be3 Qc7 12. 0-0 0-0 13. Nd5 Bxd5 14. exd5 Nb6 15. c4 Rfc8 16. b3 Bf8 17. f4 e4 18. Bd4 Nbd7 19. Bg4 Re8 20. Re1 Be7 21. Nxe4 Nxe4 22. Bxd7 Qxd7 23. Rxe4 Bf8 24. Rxe8 Rxe8 25. Qd3 f5 26. Qd2 b5 27. axb5 axb5 28. Ra7 Qc8 29. Qc3 bxc4 30. Qg3 g5 31. fxg5 h5 32. b4 Re4 33. Qc3 Qe8 34. h3 Re1+ 35. Kh2 Qe4 36. Bf2 Re2 37. Qf6 Qe5+ 38. Qxe5 dxe5 39. Bc5 c3 40. Bxf8 c2 41. Rc7 Kxf8 42. b5 Rd2 43. b6 Rxd5 44. Rxc2 Rb5 45. Rc6 f4 46. Kg1 Kg7 47. h4 e4 48. Re6 e3 49. Kf1 Rb2 50. Re4 Rxb6 51. Rxf4 Rb1+ 52. Ke2 Rb2+ 53. Kxe3 Rxg2 54. Kd4 Re2 55. Re4 Rh2 56. Ke5 Kg6 57. Rd4 Rg2 58. Rd6+ Kg7 59. Rh6 Re2+ 60. Kf4 Ra2 61. Rxh5 Ra6 62. g6 Ra4+ 63. Kg3 1/2-1/2

[Event "Sant Boi IM"]
[Site "Sant Boi de Llobregat"]
[Date "2016.10.08"]
[Round "2.5"]
[White "Beaskoa Estany, Gabriel"]
[Black "Castells Briones, Miquel"]
[Result "1-0"]
[WhiteElo "2023"]
[BlackElo "2042"]
[PlyCount "123"]
[EventDate "2016.10.01"]
[EventType "tourn"]
[EventRounds "9"]
[EventCountry "ESP"]
[SourceTitle "EXT 2024"]
[Source "ChessBase"]
[SourceDate "2023.10.10"]
[SourceVersion "1"]
[SourceVersionDate "2023.10.10"]
[SourceQuality "1"]

1. d4 Nf6 2. Nf3 e6 3. g3 d5 4. Bg2 b5 5. 0-0 Be7 6. Ne5 c6 7. b3 Nfd7 8. Nd3 0-0 9. Nd2 Bf6 10. Bb2 Nb6 11. Nc5 N8d7 12. Nxd7 Bxd7 13. e4 g6 14. e5 Bg7 15. Ba3 Re8 16. h4 a5 17. Bc5 Rc8 18. Nf3 Na8 19. Qd2 h6 20. Nh2 Kh7 21. Ng4 h5 22. Nh2 Bh6 23. Qd3 Rg8 24. Qf3 Be8 25. Bh3 Rc7 26. Rad1 Rb7 27. Rd3 Nc7 28. Qe2 Na6 29. Ba3 Nb4 30. Rf3 Nxa2 31. Ra1 Nc3 32. Rxc3 b4 33. Bc1 bxc3 34. Bxh6 Kxh6 35. Nf3 Rb5 36. Qe3+ Kg7 37. Ng5 Qe7 38. Bf1 Rb7 39. Rxa5 Ra7 40. Rc5 Bd7 41. Qxc3 Rga8 42. Be2 f6 43. Nf3 Rf8 44. Qe3 Be8 45. Bd3 f5 46. Qf4 Bd7 47. Ng5 Rfa8 48. Nh3 Ra5 49. Rc3 Ra1+ 50. Kg2 Re1 51. Rc5 Raa1 52. Qd2 Reb1 53. Qb4 Ra7 54. Nf4 Rba1 55. Qb6 Be8 56. Qb4 g5 57. hxg5 Bd7 58. Nxh5+ Kg6 59. Nf6 Kxg5 60. Qd2+ Kg6 61. Be2 Qxf6 62. exf6 1-0

[Event "Barcelona Tres Peons-H 45th"]
[Site "Barcelona"]
[Date "2016.05.06"]
[Round "4.2"]
[White "Beaskoa Estany, Gabriel"]
[Black "Abad Sanmartin, Jorge"]
[Result "1-0"]
[WhiteElo "1931"]
[BlackElo "2077"]
[PlyCount "55"]
[EventDate "2016.04.15"]
[EventType "swiss"]
[EventRounds "9"]
[EventCountry "ESP"]
[SourceTitle "EXT 2024"]
[Source "ChessBase"]
[SourceDate "2023.10.10"]
[SourceVersion "1"]
[SourceVersionDate "2023.10.10"]
[SourceQuality "1"]

1. e4 c5 2. Nf3 Nc6 3. Bb5 d5 4. exd5 Qxd5 5. Nc3 Qe6+ 6. Qe2 Qxe2+ 7. Nxe2 Bd7 8. d4 e6 9. c3 Nf6 10. 0-0 a6 11. Ba4 b5 12. Bc2 0-0-0 13. a4 b4 14. Bd3 a5 15. Bb5 bxc3 16. bxc3 cxd4 17. Nexd4 Nxd4 18. Nxd4 Ne4 19. c4 Bb4 20. Ba3 Bc3 21. Rad1 Bxb5 22. Nxb5 Nd2 23. Nd6+ Kd7 24. Ne4 Kc6 25. Nxd2 Rb8 26. Bd6 Bb4 27. c5 h6 28. Rb1 1-0

[Event "Sant Boi City-ch"]
[Site "Sant Boi de Llobregat"]
[Date "2015.11.14"]
[Round "7"]
[White "Beaskoa Estany, Gabriel"]
[Black "Delgado Osorio, Xavier"]
[Result "1-0"]
[WhiteElo "2163"]
[BlackElo "2210"]
[PlyCount "93"]
[EventDate "2015.10.03"]
[EventType "tourn"]
[EventRounds "9"]
[EventCountry "ESP"]
[SourceTitle "CBM 170 Extra"]
[Source "ChessBase"]
[SourceDate "2016.02.25"]
[SourceVersion "1"]
[SourceVersionDate "2016.02.25"]
[SourceQuality "1"]

1. e4 c5 2. Nf3 Nc6 3. Bb5 g6 4. Bxc6 dxc6 5. d3 Bg4 6. Nc3 Bg7 7. h3 Bxf3 8. Qxf3 e5 9. a4 b6 10. Be3 Ne7 11. h4 h5 12. Bg5 Qd6 13. Bxe7 Kxe7 14. Ke2 Qd4 15. Qe3 Qb4 16. Qc1 Bh6 17. Qb1 Rhd8 18. Qa2 Rd4 19. Rhd1 Rad8 20. Kf1 R4d6 21. a5 b5 22. Ne2 c4 23. c3 Qb3 24. Qxb3 cxb3 25. d4 Bg7 26. f4 exd4 27. e5 Rd5 28. Nxd4 Rc5 29. Nxb3 Rc4 30. g3 Rb8 31. Rd4 Rxd4 32. Nxd4 Kd7 33. Rd1 Kc7 34. b4 Rd8 35. Ke2 a6 36. Kd3 Bf8 37. Ke4 c5 38. bxc5 Bxc5 39. Rd3 Re8 40. Kd5 Ba7 41. Nc6 Bf2 42. Rf3 Be1 43. f5 gxf5 44. Rxf5 Bxc3 45. Rxf7+ Kc8 46. Ra7 b4 47. Ra8+ 1-0

[Event "Sant Boi City-ch"]
[Site "Sant Boi de Llobregat"]
[Date "2015.10.03"]
[Round "1"]
[White "Garnica Nebot, Esteve"]
[Black "Beaskoa Estany, Gabriel"]
[Result "1-0"]
[WhiteElo "2220"]
[BlackElo "2163"]
[PlyCount "105"]
[EventDate "2015.10.03"]
[EventType "tourn"]
[EventRounds "9"]
[EventCountry "ESP"]
[SourceTitle "CBM 170 Extra"]
[Source "ChessBase"]
[SourceDate "2016.02.25"]
[SourceVersion "1"]
[SourceVersionDate "2016.02.25"]
[SourceQuality "1"]

1. d4 d5 2. c4 c6 3. Nf3 Nf6 4. Nbd2 Bf5 5. Nh4 Bg6 6. Nxg6 hxg6 7. e3 Nbd7 8. g3 e5 9. dxe5 Nxe5 10. Qb3 Qb6 11. Be2 Bc5 12. cxd5 Nxd5 13. Qxb6 Bxb6 14. Nc4 Nxc4 15. Bxc4 Rd8 16. a3 Nf6 17. f3 Nd7 18. Ke2 Ne5 19. Bb3 Ke7 20. h4 g5 21. f4 gxf4 22. gxf4 Ng4 23. Bd2 g6 24. Bb4+ Ke8 25. Bc3 Rh7 26. Bd2 f5 27. h5 gxh5 28. Bc2 Rd5 29. Rad1 h4 30. Rh3 Re7 31. Bc1 Rxd1 32. Bxd1 Nf6 33. Bb3 Rh7 34. Be6 Rh5 35. Bc8 Ne4 36. Bxb7 Kd7 37. Ba6 Ng3+ 38. Kf3 Rh6 39. Bd3 Rd6 40. Bc2 Bd8 41. Rh2 Ke6 42. Bb3+ Kd7 43. Bc2 Bf6 44. b4 Ke7 45. a4 Kf7 46. b5 cxb5 47. axb5 Kg6 48. Ba3 Rb6 49. Bd3 Rb7 50. Bc5 Rd7 51. Bc4 Rc7 52. Rc2 Ne4 53. Bb4 1-0

[Event "Barcelona Sant Marti rapid op 6th"]
[Site "Barcelona"]
[Date "2015.09.19"]
[Round "8.2"]
[White "Beaskoa Estany, Gabriel"]
[Black "Ezquerro Luque, Albert"]
[Result "0-1"]
[WhiteElo "2180"]
[BlackElo "2288"]
[PlyCount "90"]
[EventDate "2015.09.19"]
[EventType "swiss (rapid)"]
[EventRounds "9"]
[EventCountry "ESP"]
[SourceTitle "EXT 2024"]
[Source "ChessBase"]
[SourceDate "2023.10.10"]
[SourceVersion "1"]
[SourceVersionDate "2023.10.10"]
[SourceQuality "1"]

1. e4 e5 2. Nf3 Nc6 3. d4 exd4 4. Nxd4 Bc5 5. Nxc6 Qf6 6. Qf3 bxc6 7. Nd2 d6 8. Nb3 Bb6 9. Bc4 Be6 10. Qxf6 Nxf6 11. Bxe6 fxe6 12. f3 0-0 13. Ke2 e5 14. c4 Nd7 15. Be3 Bxe3 16. Kxe3 Rab8 17. Rhd1 c5 18. Rd2 Rb4 19. Na5 Ra4 20. Nc6 Kf7 21. b4 cxb4 22. Rb1 a5 23. Na7 Nc5 24. Nb5 Ne6 25. g3 g5 26. Rf1 Ke7 27. Rff2 Rd8 28. h4 gxh4 29. gxh4 c6 30. Na7 Nd4 31. Rg2 Kf7 32. f4 Ra3+ 33. Rd3 exf4+ 34. Kxd4 c5+ 35. Kd5 Rxd3+ 36. Kc6 Rg8 37. Rf2 f3 38. Nb5 Rg2 39. Rf1 Ke7 40. Nc7 Rxa2 41. Nd5+ Rxd5 42. cxd5 f2 43. Kc7 Rd2 44. Ra1 a4 45. Kc6 a3 0-1

[Event "Badalona op-B 41st"]
[Site "Badalona"]
[Date "2015.08.06"]
[Round "5"]
[White "Petit Montes, Marc"]
[Black "Beaskoa Estany, Gabriel"]
[Result "0-1"]
[WhiteElo "2083"]
[BlackElo "2154"]
[PlyCount "118"]
[EventDate "2015.08.02"]
[EventType "swiss"]
[EventRounds "9"]
[EventCountry "ESP"]
[SourceTitle "EXT 2016"]
[Source "ChessBase"]
[SourceDate "2015.10.08"]
[SourceVersion "1"]
[SourceVersionDate "2015.10.08"]
[SourceQuality "1"]

1. b3 e5 2. Bb2 Nc6 3. e3 d6 4. Bb5 Bd7 5. Nf3 Nf6 6. d4 e4 7. Nfd2 Ne7 8. Bxd7+ Qxd7 9. c4 d5 10. cxd5 Nexd5 11. Ba3 Bxa3 12. Nxa3 0-0 13. 0-0 Qf5 14. Ndc4 Rfe8 15. Ne5 c5 16. Nac4 Rad8 17. Qe1 cxd4 18. exd4 Nf4 19. Rd1 Qg5 20. g3 Ne6 21. Qe3 Nd5 22. Qxg5 Nxg5 23. h4 Ne6 24. Rfe1 Nc3 25. Rc1 Nxa2 26. Ra1 Nc3 27. Rxa7 f6 28. Ng4 Nxd4 29. Kg2 b5 30. Na5 Ra8 31. Rxa8 Rxa8 32. Nb7 Nxb3 33. Ne3 Nd2 34. Nd6 Rd8 35. Rc1 b4 36. Ndc4 Nxc4 37. Nxc4 Kf7 38. Rc2 Ke6 39. Rb2 Rb8 40. Ne3 Ke5 41. Nc2 Nd5 42. f3 f5 43. Kf2 Kd6 44. Nd4 g6 45. Nb3 e3+ 46. Ke1 Rc8 47. Ra2 Rc3 48. Ra6+ Ke5 49. Na5 Kd4 50. Nc6+ Kc5 51. Ne5 b3 52. Ra5+ Kd4 53. f4 Rc1+ 54. Ke2 Nc3+ 55. Kf3 b2 56. Nc6+ Kc4 57. Ne5+ Kb4 58. Ra8 b1Q 59. Rb8+ Nb5 0-1

[Event "Foment Martinenc op-A 17th"]
[Site "Barcelona"]
[Date "2015.06.06"]
[Round "7"]
[White "Beaskoa Estany, Gabriel"]
[Black "Dios Otin, Victor Federico"]
[Result "1-0"]
[WhiteElo "1923"]
[BlackElo "2008"]
[PlyCount "65"]
[EventDate "2015.04.25"]
[EventType "swiss"]
[EventRounds "9"]
[EventCountry "ESP"]
[SourceTitle "EXT 2017"]
[Source "ChessBase"]
[SourceDate "2016.10.25"]
[SourceVersion "1"]
[SourceVersionDate "2016.10.25"]
[SourceQuality "1"]

1. e4 e5 2. Nf3 Nc6 3. d4 exd4 4. Nxd4 Nf6 5. Nc3 Bb4 6. Nxc6 bxc6 7. Bd3 d5 8. exd5 cxd5 9. 0-0 0-0 10. Bg5 c6 11. Qf3 Be6 12. h3 Be7 13. Ne2 h6 14. Bf4 c5 15. Bh2 Bd6 16. Bxd6 Qxd6 17. Rad1 Qe5 18. c3 Rab8 19. b3 g5 20. Rfe1 Ne4 21. Bxe4 dxe4 22. Qe3 Rbd8 23. f4 gxf4 24. Nxf4 Bf5 25. c4 Kh7 26. Nd5 Rg8 27. Rf1 Rd6 28. Qf4 Qxf4 29. Rxf4 Bxh3 30. Rxf7+ Kh8 31. Rd2 Rd7 32. Rxd7 Bxd7 33. Nf6 1-0

[Event "Foment Martinenc op-A 17th"]
[Site "Barcelona"]
[Date "2015.05.09"]
[Round "3"]
[White "Beaskoa Estany, Gabriel"]
[Black "Castillo Escario, Yolanda"]
[Result "1-0"]
[WhiteElo "1923"]
[BlackElo "2024"]
[PlyCount "83"]
[EventDate "2015.04.25"]
[EventType "swiss"]
[EventRounds "9"]
[EventCountry "ESP"]
[SourceTitle "EXT 2017"]
[Source "ChessBase"]
[SourceDate "2016.10.25"]
[SourceVersion "1"]
[SourceVersionDate "2016.10.25"]
[SourceQuality "1"]

1. e4 e5 2. Nf3 Nc6 3. d4 exd4 4. Nxd4 Bc5 5. Nxc6 Qf6 6. Qf3 dxc6 7. Bc4 Qe7 8. 0-0 Nf6 9. Nd2 0-0 10. h3 Re8 11. Re1 Nd7 12. Bb3 a5 13. a4 Ne5 14. Qg3 b5 15. Kh1 Bb6 16. Nf1 Nd7 17. Bg5 Qe5 18. Qxe5 Nxe5 19. f3 Be6 20. Bxe6 Rxe6 21. Be3 Rd8 22. Bxb6 cxb6 23. b3 Red6 24. Kg1 Rd4 25. axb5 cxb5 26. Kf2 Kf8 27. Ne3 a4 28. Nd5 axb3 29. Ke3 b2 30. Kxd4 bxa1Q+ 31. Rxa1 Nc4 32. Kc3 Rc8 33. Kb4 Nd6 34. c3 Rc4+ 35. Kb3 Nc8 36. Ra8 Rc6 37. Kb4 Ke8 38. Kxb5 Rc5+ 39. Kb4 Kd7 40. Rxc8 Rxd5 41. exd5 Kxc8 42. Kb5 1-0

[Event "Barcelona Tupinamba op 10th"]
[Site "Barcelona"]
[Date "2015.04.29"]
[Round "6"]
[White "Exposito Amaro, Josue"]
[Black "Beaskoa Estany, Gabriel"]
[Result "1-0"]
[WhiteElo "2436"]
[BlackElo "2215"]
[PlyCount "73"]
[EventDate "2015.03.18"]
[EventType "swiss"]
[EventRounds "9"]
[EventCountry "ESP"]
[SourceTitle "EXT 2018"]
[Source "ChessBase"]
[SourceDate "2017.10.13"]
[SourceVersion "1"]
[SourceVersionDate "2017.10.13"]
[SourceQuality "1"]

1. Nc3 c5 2. e4 d6 3. f4 g6 4. Nf3 Bg7 5. Bb5+ Bd7 6. Bc4 e6 7. d4 cxd4 8. Nxd4 Nc6 9. Ndb5 d5 10. exd5 Na5 11. Qe2 Nxc4 12. Qxc4 Kf8 13. Be3 Nf6 14. 0-0-0 Qa5 15. dxe6 Bxe6 16. Qc7 Qxc7 17. Nxc7 Rc8 18. Bc5+ Kg8 19. Nxe6 fxe6 20. Bxa7 Rc6 21. Bd4 Kf7 22. Bxf6 Kxf6 23. Rd7 Bh6 24. g3 e5 25. Re1 exf4 26. Nd5+ Kf5 27. Ne7+ Kg5 28. Nxc6 fxg3 29. Kd1 gxh2 30. Ne5 Kh4 31. Rd4+ Kh3 32. Re3+ Kg2 33. Rd2+ Kf1 34. Rf3+ Kg1 35. Ke1 Rf8 36. Rxf8 Bxf8 37. Nf3+ 1-0

[Event "Barcelona Tupinamba op 10th"]
[Site "Barcelona"]
[Date "2015.04.15"]
[Round "4"]
[White "Beaskoa Estany, Gabriel"]
[Black "Mut Company, Guillem Joan"]
[Result "1-0"]
[WhiteElo "2215"]
[BlackElo "2090"]
[PlyCount "75"]
[EventDate "2015.03.18"]
[EventType "swiss"]
[EventRounds "9"]
[EventCountry "ESP"]
[SourceTitle "EXT 2018"]
[Source "ChessBase"]
[SourceDate "2017.10.13"]
[SourceVersion "1"]
[SourceVersionDate "2017.10.13"]
[SourceQuality "1"]

1. e4 e5 2. Nf3 Nc6 3. d4 exd4 4. Nxd4 Bc5 5. Nxc6 Qf6 6. Qf3 Qxf3 7. gxf3 bxc6 8. Be3 Bxe3 9. fxe3 d6 10. Rg1 g6 11. Nd2 Nf6 12. c4 0-0 13. Rc1 Re8 14. Kf2 c5 15. Bd3 Bb7 16. Nf1 Bc6 17. Ng3 Rab8 18. Rc2 a5 19. h4 h5 20. Rg2 Kh7 21. Ne2 Bd7 22. Nf4 Kh6 23. Rd2 Bc6 24. Rg3 Rb4 25. Kg1 Nd7 26. b3 a4 27. Bc2 axb3 28. axb3 Ra8 29. Nd3 Rbb8 30. Rdg2 Rg8 31. Nf2 Ra2 32. Bd1 Nf6 33. Ng4+ Nxg4 34. Rxa2 Nxe3 35. Be2 Rb8 36. Rb2 Ba4 37. Kf2 f5 38. Kxe3 1-0

[Event "Barcelona Tupinamba op 10th"]
[Site "Barcelona"]
[Date "2015.04.08"]
[Round "3"]
[White "Madrid Sole, Antonio"]
[Black "Beaskoa Estany, Gabriel"]
[Result "0-1"]
[WhiteElo "2064"]
[BlackElo "2215"]
[PlyCount "77"]
[EventDate "2015.03.18"]
[EventType "swiss"]
[EventRounds "9"]
[EventCountry "ESP"]
[SourceTitle "EXT 2016"]
[Source "ChessBase"]
[SourceDate "2015.10.08"]
[SourceVersion "1"]
[SourceVersionDate "2015.10.08"]
[SourceQuality "1"]

1. d4 d5 2. Nf3 Nf6 3. e3 e6 4. Bd3 Be7 5. 0-0 0-0 6. Nbd2 c5 7. b3 Nc6 8. a3 Qb6 9. dxc5 Qxc5 10. Bb2 Qd6 11. e4 dxe4 12. Nxe4 Nxe4 13. Bxe4 Qc7 14. c4 Bd7 15. Qe2 Rad8 16. b4 Qf4 17. b5 Na5 18. Be5 Qh6 19. Bc7 Nb3 20. Bxd8 Bxd8 21. Rad1 Bc8 22. Bc2 Nc5 23. Qd2 Qxd2 24. Nxd2 b6 25. Ne4 Nb7 26. Bd3 f5 27. Nc3 Bf6 28. Na2 e5 29. Be2 Nc5 30. Nc3 e4 31. Nd5 Bd8 32. Nb4 Na4 33. Nc6 Bg5 34. Rb1 Nc3 35. Rb2 a6 36. Rc2 Nxe2+ 37. Rxe2 axb5 38. cxb5 Be6 39. Rb1 0-1

[Event "Barcelona Vila Gracia op 8th"]
[Site "Barcelona"]
[Date "2014.10.10"]
[Round "3.6"]
[White "Daguro Dasalla, Armando"]
[Black "Beaskoa Estany, Gabriel"]
[Result "0-1"]
[WhiteElo "2141"]
[BlackElo "2105"]
[PlyCount "44"]
[EventDate "2014.09.26"]
[EventType "swiss"]
[EventRounds "9"]
[EventCountry "ESP"]
[SourceTitle "EXT 2024"]
[Source "ChessBase"]
[SourceDate "2023.10.10"]
[SourceVersion "1"]
[SourceVersionDate "2023.10.10"]
[SourceQuality "1"]

1. Nf3 d5 2. c4 c6 3. g3 Bf5 4. cxd5 cxd5 5. Bg2 Nc6 6. 0-0 e6 7. Qb3 Qd7 8. d3 Nf6 9. Rd1 Be7 10. Nh4 Nd4 11. Nxf5 exf5 12. Bxd5 Nxb3 13. Bxb3 0-0 14. Nc3 a6 15. e4 fxe4 16. dxe4 Qh3 17. f3 Bc5+ 18. Kh1 Rfd8 19. Bg5 Rxd1+ 20. Rxd1 Nh5 21. Ne2 Bf2 22. Bh4 g5 0-1

[Event "Barcelona Guinardo 7th"]
[Site "Barcelona"]
[Date "2014.09.01"]
[Round "1"]
[White "Beaskoa Estany, Gabriel"]
[Black "Povill Claros, Xavier"]
[Result "0-1"]
[WhiteElo "2105"]
[BlackElo "2192"]
[PlyCount "106"]
[EventDate "2014.09.01"]
[EventType "tourn"]
[EventRounds "9"]
[EventCountry "ESP"]
[SourceTitle "EXT 2016"]
[Source "ChessBase"]
[SourceDate "2015.10.08"]
[SourceVersion "1"]
[SourceVersionDate "2015.10.08"]
[SourceQuality "1"]

1. e4 c6 2. d4 d5 3. Nc3 dxe4 4. Nxe4 Bf5 5. Ng3 Bg6 6. h4 h6 7. Nf3 Nd7 8. h5 Bh7 9. Bd3 Bxd3 10. Qxd3 e6 11. Bd2 Ngf6 12. 0-0-0 Be7 13. Kb1 0-0 14. Ne5 Nxe5 15. dxe5 Qxd3 16. cxd3 Ng4 17. Ne4 Nxe5 18. Bf4 Ng4 19. f3 Nf6 20. g4 Nxe4 21. dxe4 Rfd8 22. Kc2 Kf8 23. Be3 e5 24. a3 Ke8 25. Rxd8+ Kxd8 26. Rd1+ Kc7 27. Kc3 b6 28. a4 f6 29. b3 c5 30. Kc4 Kc6 31. Rd3 a6 32. Kc3 Rb8 33. Rd1 Bd6 34. Ra1 Rd8 35. Ra2 Bc7 36. Ra1 Rd7 37. Kc4 Rd8 38. Kc3 b5 39. axb5+ Kxb5 40. Kc2 Ba5 41. Ra2 Bb4 42. Ra1 a5 43. Rf1 c4 44. bxc4+ Kxc4 45. f4 Rd3 46. Bc1 Bd6 47. g5 Rh3 48. gxf6 gxf6 49. fxe5 fxe5 50. Rf6 Bc5 51. Bxh6 Rxh5 52. Rc6 Rh2+ 53. Kc1 Rxh6 0-1

[Event "Barcelona Sants op 16th"]
[Site "Barcelona"]
[Date "2014.08.26"]
[Round "5"]
[White "Perez Pastora, Evaristo"]
[Black "Beaskoa Estany, Gabriel"]
[Result "1-0"]
[WhiteElo "2181"]
[BlackElo "1884"]
[PlyCount "81"]
[EventDate "2014.08.22"]
[EventType "swiss"]
[EventRounds "10"]
[EventCountry "ESP"]
[SourceTitle "CBM 162 Extra"]
[Source "ChessBase"]
[SourceDate "2014.10.17"]
[SourceVersion "1"]
[SourceVersionDate "2014.10.17"]
[SourceQuality "1"]

1. e4 c5 2. Nf3 d6 3. d4 cxd4 4. Nxd4 Nf6 5. Nc3 a6 6. Bg5 e6 7. f4 Qc7 8. Qf3 b5 9. Bxf6 gxf6 10. Bd3 b4 11. Nce2 Nd7 12. f5 e5 13. Nb3 Bb7 14. Ng3 Be7 15. Nf1 0-0-0 16. Ne3 Rdg8 17. Bc4 Rg7 18. Bd5 Nb6 19. Bxb7+ Qxb7 20. 0-0-0 Rhg8 21. Kb1 Kb8 22. Na5 Qc7 23. Qe2 Ka7 24. g3 Rc8 25. Nd5 Nxd5 26. Rxd5 h5 27. Rc1 Rg4 28. c3 Bf8 29. c4 Qb6 30. Rcd1 Rc5 31. Rxc5 Qxc5 32. Nb3 Qb6 33. c5 Qc6 34. cxd6 Bxd6 35. Qd3 Bc7 36. Rc1 Qb7 37. Nc5 Qb6 38. Nd7 Qd6 39. Qxd6 Bxd6 40. Nxf6 Rg5 41. Rd1 1-0

[Event "Barcelona Sant Marti op-A 16th"]
[Site "Barcelona"]
[Date "2014.07.20"]
[Round "8"]
[White "Castillo Dalmau, Albert"]
[Black "Beaskoa Estany, Gabriel"]
[Result "0-1"]
[WhiteElo "1695"]
[BlackElo "1893"]
[PlyCount "138"]
[EventDate "2014.07.13"]
[EventType "swiss"]
[EventRounds "9"]
[EventCountry "ESP"]
[SourceTitle "CBM 161 Extra"]
[Source "ChessBase"]
[SourceDate "2014.08.29"]
[SourceVersion "1"]
[SourceVersionDate "2014.08.29"]
[SourceQuality "1"]

1. d4 d5 2. Nf3 Nf6 3. g3 c6 4. Bg2 Bf5 5. 0-0 e6 6. Nbd2 Be7 7. b3 Nbd7 8. Bb2 0-0 9. c4 Ne4 10. Rc1 Rc8 11. Nxe4 Bxe4 12. Nd2 Bxg2 13. Kxg2 f5 14. f4 Qa5 15. Bc3 Qb6 16. c5 Qd8 17. b4 a6 18. a4 Ra8 19. Nf3 Nf6 20. Qb3 Qe8 21. Rb1 Ne4 22. Bd2 Bf6 23. Be3 Qh5 24. Qd3 Rfb8 25. Ne5 Bxe5 26. dxe5 Qg6 27. Bd4 h5 28. h4 Qe8 29. a5 Kf7 30. Rf3 Ke7 31. Kf1 Qf7 32. Ke1 Rh8 33. Kd1 Rh6 34. Kc2 Rg6 35. Rg1 Rg4 36. Kb2 Rf8 37. Bf2 Qg6 38. Qd4 Rd8 39. Be1 Rf8 40. Ka3 Qe8 41. Rgf1 g5 42. hxg5 Nxg5 43. Rd3 Ne4 44. Rh1 Rfg8 45. Qe3 Qg6 46. Rh3 Qh6 47. Qf3 Qg6 48. Qh1 Rh8 49. Rh4 Rxh4 50. Qxh4+ Kd7 51. Rf3 Qg4 52. Qh2 Rg8 53. Kb3 Ke7 54. Kc2 Kf7 55. Kd3 Kg6 56. Ke3 Kh6 57. Qh1 Qg6 58. Rf1 Nxg3 59. Bxg3 Qxg3+ 60. Qf3 h4 61. Rh1 Qxf3+ 62. Kxf3 Kh5 63. Kf2 Rg7 64. Rh3 d4 65. Rh1 Rd7 66. Rg1 d3 67. Ke3 d2 68. Rd1 h3 69. Kf2 Kh4 0-1

[Event "Barcelona Sant Marti op-A 16th"]
[Site "Barcelona"]
[Date "2014.07.18"]
[Round "6"]
[White "Castillo Escario, Yolanda"]
[Black "Beaskoa Estany, Gabriel"]
[Result "1/2-1/2"]
[WhiteElo "2029"]
[BlackElo "1893"]
[PlyCount "125"]
[EventDate "2014.07.13"]
[EventType "swiss"]
[EventRounds "9"]
[EventCountry "ESP"]
[SourceTitle "CBM 161 Extra"]
[Source "ChessBase"]
[SourceDate "2014.08.29"]
[SourceVersion "1"]
[SourceVersionDate "2014.08.29"]
[SourceQuality "1"]

1. d4 d5 2. Nf3 Nf6 3. e3 Bg4 4. Be2 e6 5. b3 c5 6. 0-0 Nc6 7. Bb2 Be7 8. Nbd2 0-0 9. h3 Bh5 10. c4 h6 11. Bd3 Bxf3 12. Nxf3 Ne4 13. a3 Bf6 14. Qc2 cxd4 15. exd4 Nd6 16. c5 Nc8 17. b4 a6 18. Ne5 Bxe5 19. dxe5 N8e7 20. Rad1 Qc7 21. f4 Rfd8 22. Rf3 Kh8 23. Qf2 g6 24. Qh4 Kh7 25. g4 d4 26. Be4 Rd7 27. g5 Rh8 28. Rfd3 Qd8 29. gxh6 Nf5 30. Qxd8 Rhxd8 31. R1d2 Kxh6 32. Kf2 Kg7 33. Bxf5 exf5 34. h4 Kf8 35. h5 Ke7 36. hxg6 fxg6 37. Rh3 Ke6 38. Rh6 Rg8 39. Ke2 Kd5 40. Kd3 g5 41. Rg2 g4 42. Rf6 Nxe5+ 43. fxe5 Kxe5 44. Rd6 Rxd6 45. cxd6 f4 46. d7 Kf5 47. Bxd4 Rd8 48. Rc2 Rxd7 49. Rc5+ Kg6 50. Ke4 Rf7 51. Rc1 Kg5 52. Rh1 Re7+ 53. Kd3 g3 54. Bc5 Re6 55. Rh8 Kg4 56. Rf8 f3 57. Be3 g2 58. Rg8+ Kh3 59. Rh8+ Kg3 60. Rg8+ Kh3 61. Rh8+ Kg3 62. Rg8+ Kh3 63. Rh8+ 1/2-1/2